000 00522nam a2200181Ia 4500
999 _c28909
_d28909
003 OSt
005 20210108115813.0
008 190216s9999||||xx |||||||||||||| ||und||
020 _a9788188801657
040 _coclc
082 _a894.812301
_bMOH/P
100 _aMohammad, N P Hafiz
_98255
245 0 _aPoovum Puzhayum /
_cN P Hafiz Mohammad
260 _bLipi Publications,
_aKozhikode:
_c2006.
300 _a96p
650 _aKathakal
942 _cBK
_2ddc
_h894.812301
_iMOH/P
_k894.812301
_mMOH/P